Effect of neem seed power on the pest of celery cabbage at crop station of royal university of agriculture,(ឥទ្ធិពលនៃកំហាប់ម្សៅគ្រាប់ស្ដៅលើសត្វល្អិតបំផ្លាញស្ពៃចង្កឹះ នៅស្ថានីយ៍ពិសោធន៍នៃសាកលវិទ្យាល័យភូមិន្ទកសិកម្ម) (Record no. 1004)

000 -LEADER
fixed length control field 00783nam a22001577a 4500
003 - CONTROL NUMBER IDENTIFIER
control field OSt
005 - DATE AND TIME OF LATEST TRANSACTION
control field 20150921164658.0
008 - FIXED-LENGTH DATA ELEMENTS--GENERAL INFORMATION
fixed length control field 150921b xxu||||| |||| 00| 0 eng d
040 ## - CATALOGING SOURCE
Transcribing agency RUA
082 ## - DEWEY DECIMAL CLASSIFICATION NUMBER
Classification number AGR UNG 2008 B035 Or.1
100 ## - MAIN ENTRY--PERSONAL NAME
9 (RLIN) 1043
Personal name UNG SOEUN
245 ## - TITLE STATEMENT
Title Effect of neem seed power on the pest of celery cabbage at crop station of royal university of agriculture,(ឥទ្ធិពលនៃកំហាប់ម្សៅគ្រាប់ស្ដៅលើសត្វល្អិតបំផ្លាញស្ពៃចង្កឹះ នៅស្ថានីយ៍ពិសោធន៍នៃសាកលវិទ្យាល័យភូមិន្ទកសិកម្ម)
260 ## - PUBLICATION, DISTRIBUTION, ETC. (IMPRINT)
Place of publication, distribution, etc. phnom penh
Name of publisher, distributor, etc. RUA
Date of publication, distribution, etc. 2008
300 ## - PHYSICAL DESCRIPTION
Extent xi,70p.
Dimensions ill.
Size of unit 29cm.
942 ## - ADDED ENTRY ELEMENTS (KOHA)
Source of classification or shelving scheme
Koha item type AGR
Holdings
Price effective from Date last seen Permanent Location Not for loan Date acquired Source of classification or shelving scheme Koha item type Lost status Withdrawn status Total Renewals Date last checked out Total Checkouts Shelving location Damaged status Barcode Current Location Checked out Full call number
2015-09-212016-07-18Library Block B 2015-09-21 AGR  12016-07-182B035 RUA008429Library Block B2016-08-04AGR UNG 2008 B035 Or.1
មជ្ឈមណ្ឌលឯការនៃសាកលវិទ្យាល័យភូមិន្ទកសិកម្មចំការដូង

Powered by Koha